Financial and management acounting (Record no. 342)
[ view plain ]
| 000 -LEADER | |
|---|---|
| fixed length control field | 00592nac a22001571u 4500 |
| 020 ## - INTERNATIONAL STANDARD BOOK NUMBER | |
| International Standard Book Number | 8176639591 |
| 082 ## - DEWEY DECIMAL CLASSIFICATION NUMBER | |
| Classification number | 658.1511 |
| Item number | G9775 |
| 090 ## - LOCALLY ASSIGNED LC-TYPE CALL NUMBER (OCLC); LOCAL CALL NUMBER (OCLC) | |
| -- | 342 |
| -- | 342 |
| 100 ## - MAIN ENTRY--PERSONAL NAME | |
| Personal name | Gupta, Shashi K. |
| 245 ## - TITLE STATEMENT | |
| Title | Financial and management acounting |
| Remainder of title | for BBA II year students of Madras University/ |
| Statement of responsibility, etc | Shashi K. Gupta, R.K. Sharma |
| 260 ## - PUBLICATION, DISTRIBUTION, ETC. (IMPRINT) | |
| Place of publication, distribution, etc | New Delhi |
| Name of publisher, distributor, etc | Kalyani |
| Date of publication, distribution, etc | 2001 |
| 650 ## - SUBJECT ADDED ENTRY--TOPICAL TERM | |
| Topical term or geographic name as entry element | Managerial accounting |
| 700 ## - ADDED ENTRY--PERSONAL NAME | |
| Relator code | Sharma, R.K. |
| 942 ## - ADDED ENTRY ELEMENTS (KOHA) | |
| Item type | Book - Borrowing |
| Call number prefix | 658.1511G9775 |
| Withdrawn status | Item status | Damaged status | Not for loan | Home library | Current library | Shelving location | Date acquired | Source of acquisition | Total Checkouts | Full call number | Barcode | Date last seen | Koha item type |
|---|---|---|---|---|---|---|---|---|---|---|---|---|---|
| Central Library | Central Library | First floor | 07/03/2006 | Purchase | 658.1511 GUP | 000003847 | 15/07/2025 | Book - Borrowing |